One million /

Salvato in:
Dettagli Bibliografici
Autore principale: Hertzberg, Hendrik.
Natura: Libro
Lingua:English
Pubblicazione: New York : Abrams Image, 2009.
Edizione:[Rev. and updated.].
Soggetti:
Tags: Aggiungi Tag
Nessun Tag, puoi essere il primo ad aggiungerne! !
Thư viện lưu trữ: Mạng thư viện Đại học Đà Nẵng
LEADER 01011cam a22003131a 4500
001 000033529
003 9704
005 20250820100726.0
008 151016s2009 000 eng
010 |a 2009015695 
020 |a 9780810978454 
020 |a 0810978458 
040 |a lnn  |c lnn  |d lnn 
082 0 0 |a 513  |b HE-H 
100 1 |a Hertzberg, Hendrik. 
245 1 0 |a One million /  |c Hendrik Hertzberg. 
250 |a [Rev. and updated.]. 
260 |a New York :  |b Abrams Image,  |c 2009. 
300 |a xxi, 200 p. :  |b ill. ;  |c 23 cm. 
650 0 |a Million (The number) 
OWN |a LNN 
AVA |a UDN50  |b LNN  |c English  |d 420.30 HE-H  |e available  |t Error 5001 Not defined in file expand_doc_bib_avail.  |f 1  |g 0  |h N  |i 0  |j AN  |k 1 
999 |a From the UDN01 
AVA |a UDN50  |b LNN  |c English  |d 420.30 HE-H  |e available  |t Error 5001 Not defined in file expand_doc_bib_avail.  |f 1  |g 0  |h N  |i 0  |j AN  |k 1 
TYP |a Monograph 
980 |a Mạng thư viện Đại học Đà Nẵng